UBT Library

Management / (Record no. 1163)

000 -LEADER
fixed length control field 00415nam a22001697a 4500
008 - FIXED-LENGTH DATA ELEMENTS--GENERAL INFORMATION
fixed length control field 150923b xxu||||| |||| 00| 0 eng d
020 ## - INTERNATIONAL STANDARD BOOK NUMBER
International Standard Book Number 0135514665
041 0# - LANGUAGE CODE
Language code of text/sound track or separate title eng
080 ## - UNIVERSAL DECIMAL CLASSIFICATION NUMBER
Universal Decimal Classification number 658
245 ## - TITLE STATEMENT
Title Management /
Statement of responsibility, etc Stephen P. Robbins;
250 ## -
-- 2nd ed.
260 ## -
-- New Jersey:
-- Prentice hall;
-- 1988.
300 ## -
-- 715 f.:
-- me il.;
-- 25 cm.
650 #0 -
-- Organizim
650 #0 -
-- Menaxhim
942 ## - ADDED ENTRY ELEMENTS (KOHA)
Source of classification or shelving scheme
Item type Books
Holdings
Withdrawn status Lost status Source of classification or shelving scheme Damaged status Not for loan Collection code Permanent location Current location Shelving location Date acquired Total Checkouts Full call number Barcode Date last seen Price effective from Koha item type
          Koleksioni i përgjithshem UBT - Lipjan UBT - Lipjan Koleksioni i përgjithshem 09/23/2015   658 ROB 002-007650 09/23/2015 09/23/2015 Books
UBT Library © 2015-2024. All rights reserved University Education for Business and Technology